000 00499nam a22001097a 4500
008 170626b xxu||||| |||| 00| 0 eng d
100 _aFlack, Wylie
245 _aTrolley car mail service in Philadelphia
260 _a[Philadelphia]
_bThe Associated Stamp Clubs of South Eastern Pennsylvania and Delaware, Inc.
_c1971
650 _aUnited States -- Pennsylvania -- Philadelphia | Street Car Mail | Mobile Post Offices | Railway Mail | Transportation of Mail | Postal History
700 _aStets, Robertr J.
999 _c2434
_d2434